Lectures on topological Fluid Mechanics (Record no. 19321)
[ view plain ]
| 000 -LEADER | |
|---|---|
| fixed length control field | 00885nam a2200229Ia 4500 |
| 003 - CONTROL NUMBER IDENTIFIER | |
| control field | IN-BaIIA |
| 008 - FIXED-LENGTH DATA ELEMENTS--GENERAL INFORMATION | |
| fixed length control field | 211028s9999 xx 000 0 eng d |
| 020 ## - INTERNATIONAL STANDARD BOOK NUMBER | |
| International Standard Book Number | 978-3-642-00836-8 |
| 040 ## - CATALOGING SOURCE | |
| Transcribing agency | IIA Library |
| 080 ## - UNIVERSAL DECIMAL CLASSIFICATION NUMBER | |
| Universal Decimal Classification number | 532 |
| Item number | BER |
| 111 ## - MAIN ENTRY--MEETING NAME | |
| Meeting name or jurisdiction name as entry element | Lectures Given At the C.I.M.E Summer School |
| Location of meeting | Cetraro, Italy |
| Date of meeting or treaty signing | 2001 July 2-10 |
| 9 (RLIN) | 36927 |
| 245 #0 - TITLE STATEMENT | |
| Title | Lectures on topological Fluid Mechanics |
| Remainder of title | proceedings of thelectures given at the C.I.M.E summer school held in Cetraro, Italy: July 2-10, 2001 |
| Statement of responsibility, etc. | edited by Mitchell A Berger..[et.al] |
| 260 ## - PUBLICATION, DISTRIBUTION, ETC. | |
| Place of publication, distribution, etc. | Berlin |
| Name of publisher, distributor, etc. | Springer-Verlag |
| Date of publication, distribution, etc. | 2009 |
| 300 ## - PHYSICAL DESCRIPTION | |
| Extent | xii, 221p. |
| 650 ## - SUBJECT ADDED ENTRY--TOPICAL TERM | |
| Topical term or geographic name entry element | FluidMechanics |
| 9 (RLIN) | 36928 |
| 650 ## - SUBJECT ADDED ENTRY--TOPICAL TERM | |
| Topical term or geographic name entry element | Mathematics |
| 9 (RLIN) | 82 |
| 650 ## - SUBJECT ADDED ENTRY--TOPICAL TERM | |
| Topical term or geographic name entry element | Topology |
| 9 (RLIN) | 4373 |
| 700 ## - ADDED ENTRY--PERSONAL NAME | |
| Personal name | Berger, Mitchell A., ed. |
| 9 (RLIN) | 36929 |
| 700 ## - ADDED ENTRY--PERSONAL NAME | |
| Personal name | Kauffman, Louis H., ed. |
| 9 (RLIN) | 36930 |
| 700 ## - ADDED ENTRY--PERSONAL NAME | |
| Personal name | Khesin, Boris., ed. |
| 9 (RLIN) | 36931 |
| 942 ## - ADDED ENTRY ELEMENTS (KOHA) | |
| Koha item type | Books |
| Withdrawn status | Lost status | Damaged status | Not for loan | Home library | Current library | Shelving location | Date acquired | Source of acquisition | Total Checkouts | Total Renewals | Full call number | Barcode | Date last seen | Date last checked out | Price effective from | Koha item type |
|---|---|---|---|---|---|---|---|---|---|---|---|---|---|---|---|---|
| IIA Library-Bangalore | IIA Library-Bangalore | General Stacks | 18/09/2017 | ANJ | 3 | 5 | 532/ BER | 20243 | 18/07/2023 | 18/07/2023 | 18/09/2017 | Books |